000 00690nam a2200217Ia 4500
001 10301
003 GE_BSU
008 181216s||||||||xx |||||||||||||| ||und||
040 _cGE_BSU
080 _a821.353.1-31
100 _aტაბატაძე, კარლო
245 _aთეთრად აფეთქებული საფლავი.
245 _bრომანი
245 _cრედ:იორამ ქემერტელიძე;მხატვ:ს.მელქაძე
260 _aთბილისი.
260 _bმერანი.
260 _c1985
300 _a338გვ;ილ;20სმ.
653 _aრომანი
942 _cBK
999 _c43568
_d43568